Du nantissement des privilèges et hypothèques et de l'expropriation forcée

Saved in:
Bibliografiske detaljer
Main Authors: Baudry-Lacantinerie, G (Author), De Loynes, P (Author)
Format: Bog
Sprog:fransk
Udgivet: París Sirey 1906
Udgivelse:3a. ed
Serier:Traité Théorique et Pratique de Droit Civil, 24-25-26
Fag:
Tags: Tilføj Tag
Ingen Tags, Vær først til at tagge denne postø!

MARC

LEADER 00000nam a2200000 a 4500
001 UCS1808
003 CL-VaPUC
008 970515e19060000FR |||||||||||||||||fre|d
082 0 4 |a 346.44  |b BAU  |2 21 
100 0 |a Baudry-Lacantinerie, G  |e author  |9 386615 
700 0 |a De Loynes, P  |e author  |9 386616 
245 1 0 |a Du nantissement des privilèges et hypothèques et de l'expropriation forcée 
250 |a 3a. ed 
300 |a 3 v 
942 |c BK 
945 |d 19970515 00:00:00  |a paguirre 
260 |a París  |b Sirey  |c 1906 
650 0 |a Derecho civil  |9 255013 
650 0 |a Hipoteca  |9 255780 
650 0 |a Propiedad   |9 255268 
650 7 |a EXPROPIACION  |2 CL-VaPUC  |9 360440 
650 0 |a Derecho comercial   |9 256340 
650 0 |a Bienes  |9 255749 
651 0 |a Francia  |9 255157 
583 |a last modification  |c 19970515 00:00:00  |k Rodrigo Vera 
490 0 |a Traité Théorique et Pratique de Droit Civil, 24-25-26 
999 |c 259840  |d 259838 
952 |0 0  |1 0  |4 0  |6 346_440000000000000_BAU_1906  |7 0  |8 X  |9 285322  |a BIBDER  |b BIBDER  |d 2019-11-19  |h v.1  |i 1853376  |o 346.44 BAU 1906  |p 1853376  |r 2023-01-25  |w 2019-11-19  |y BK_X  |k DER 
952 |0 0  |1 0  |4 0  |6 346_440000000000000_BAU_1906  |7 0  |8 X  |9 285323  |a BIBDER  |b BIBDER  |d 2019-11-19  |h v.2  |i 1853384  |o 346.44 BAU 1906  |p 1853384  |r 2023-01-25  |w 2019-11-19  |y BK_X  |k DER 
952 |0 0  |1 0  |4 0  |6 346_440000000000000_BAU_1906  |7 0  |8 X  |9 285324  |a BIBDER  |b BIBDER  |d 2019-11-19  |h v.3  |i 1853392  |o 346.44 BAU 1906  |p 1853392  |r 2023-01-25  |w 2019-11-19  |y BK_X  |k DER